Los padres de la bomba atómica /

Guardado en:
Bibliografiske detaljer
Hovedforfatter: Gómez Ortiz, Manuel (autor)
Format: Bog
Sprog:spansk
Udgivet: Madrid, España : PPC, 1967, c1967
Serier:(Lo Imposible ; 52)
Fag:
Tags: Tilføj Tag
Ingen Tags, Vær først til at tagge denne postø!

MARC

LEADER 00000nam^a2200000^a^4500
001 000273999
005 20250521000000.0
009 20260310111147.909
037 |a Acervo ITESO - Biblioteca 
041 |a ESP 
082 |a 623. 45119  |b GOM 
100 |a Gómez Ortiz, Manuel  |e (autor) 
245 1 4 |a Los padres de la bomba atómica /  |c M. Gómez Ortiz. 
264 4 |a Madrid, España :  |b PPC,  |c 1967, c1967 
300 |a 91 p 
336 |a texto  |b txt  |2 rdacontenido 
337 |a sin mediación  |b n  |2 rdamedio 
338 |a volumen  |b nc  |2 rdasoporte 
440 1 |a (Lo Imposible ;  |v 52) 
649 |a XX 
650 |a Bomba Atómica -  |x Historia -  |x Tema Principal 
650 |a Armas Nucleares -  |z EUA -  |x Historia 
910 |a Fondo General 
920 |a Impresos - Libros 
930 |a Colección General 
905 |a 101 
901 |a 0500159491  |b IT1  |c ACC  |u 20250521 
902 |a https://opac.biblio.iteso.mx/vufind/Record/000273999